00795nam a2200241 a 4500008004100000020003200041040002500073041001300098044001100111080001000122100002600132245007300158250001300231260004900244300002800293490001900321500002300340700004900363700002200412958000600434999001700440952009600457951122s1985||||[C 0 slo c c22 Kčs. q(17000 výtl.) aSNKbslocSNKeAACR21 aslohger axocSK a830-31 aFrühauf, Klaus4aut10aStromy z rajacKlaus Frühauf ; Evelína Radičová, Pavol Choma a1., vyd. aBratislavabTatranc1985eBratislavafPravda a231 s., 10,97 AHc20 cm0 aZenitvZv. 51. aIlustr. tit. list.1 aRadičová-Silberhornová, Evelína4trl1 aChoma, Pavol4bkd aA c10607d10607 001040708Ka10000b10000d2019-11-29g22.00i09978oB 4157r2019-11-29w2019-11-29yKLDO